| 000 | 02194nam a2200373 a 4500 | ||
|---|---|---|---|
| 003 | data | ||
| 005 | 20260322212058.0 | ||
| 006 | data | ||
| 007 | data | ||
| 008 | data | ||
| 010 | _a 2017033413 | ||
| 020 | _a9781496374073 (pbk.) | ||
| 020 | _a149637407X (pbk.) | ||
| 040 |
_aDNLM/DLC _beng _cDLC _dDLC |
||
| 050 | 0 | 0 |
_aR123 _b.M394 2018 |
| 060 | 1 | 0 |
_aW 15 _bM4887 2018 |
| 082 | 0 | 0 |
_a610.1/4 _223 |
| 245 | 0 | 0 |
_aMedical terminology made incredibly easy! _h[electronic resource] / _cedited by David W. Woodruff & Ovid Technologies, Inc. |
| 250 | _a4th ed. | ||
| 260 |
_aPhiladelphia : _bWolters Kluwer, _c[2018] |
||
| 300 |
_aix, 389 p. : _bcol. ill. ; _c23 cm. |
||
| 490 | 1 | _aIncredibly easy | |
| 504 | _aIncludes bibliographical references and index. | ||
| 505 | 0 | _aKey concepts of medical terminology / Nancy Scroggs -- Body structure / -- Angela cohen -- skeletal system / Diana Meeks --Muscular system / Rebecca Taulbee -- Integumentary system / Adele Webb -- Cardiovascular system / Kathryn Kay -- Respiratory system / Elizabeth Moots -- Gastrointestinal system / Tina Bursic--Urinary system / Daisy Medina-Kreppein -- Reproductive system / Robin Goodrich -- Maternal health / Robin Goodrich -- Neurologic system / Jennifer McCraw -- Endocrine system / Susan McClendon --Blood and lymphatic system / Lisa Johnson --Sensory system / Kacie Spencer -- Pharmacology / Jennifer Mundane -- Mental health / Cathleen Crowley-Koschnitzki. | |
| 533 |
_aElectronic reproduction. _bNew York, N.Y. : _cOvid Technologies, Inc. _nAvailable via World Wide Web. |
||
| 650 | 0 |
_aMedicine _vTerminology. |
|
| 650 | 0 |
_aMedical sciences _vTerminology. |
|
| 650 | 1 | 2 | _aTerminology as Topic |
| 700 | 1 | _aWoodruff, David W. | |
| 710 | 2 | _aOvid Technologies, Inc. | |
| 830 | 0 | _aIncredibly easy (Philadelphia, Pa.) | |
| 856 | 4 | 0 |
_aE-Books (Ovid) _zAuthentication may be required: _uhttp://ovidsp.ovid.com/ovidweb.cgi?T=JS&PAGE=booktext&NEWS=N&DF=bookdb&CSC=Y&AN=02065015/4th_Edition&XPATH=/PG(0) _yFor use on medical center network, Citrix Remote Desktop, or via Athens. |
| 001 | data | ||
| 999 |
_c1391 _d1391 |
||